[Event "45th FIDE Chess Olympiad Open"]
[Site "Budapest, Hungary"]
[Date "2024.09.12"]
[Round "2"]
[White "Napoleao, Lourenco"]
[Black "Farquhar, Abner"]
[Result "1-0"]
[WhiteElo "1913"]
[BlackElo "1678"]
[PlyCount "75"]
[EventDate "2024.??.??"]
[WhiteTeam "Mozambique"]
[BlackTeam "Antigua and Barbuda"]
[WhiteTeamCountry "MOZ"]
[WhiteClock "0:20:57"]
[BlackClock "0:58:44"]

1. d4 d5 2. c4 e6 3. Nf3 Nf6 4. Nc3 Be7 5. Bf4 c6 6. e3 O-O 7. Qc2 Nbd7 8. Rd1 Re8 9. Bd3 dxc4 10. Bxc4 b5 11. Bd3 Bb7 12. O-O a6 13. e4 $146 ({RR} 13. Ne5 Rc8 14. Qe2 Qb6 15. a4 Nxe5 16. dxe5 Nd5 17. Nxd5 exd5 18. e6 g6 19. exf7+ Kxf7 20. e4 d4 21. Be5 Bf6 22. Bxf6 Kxf6 23. f4 Kg7 24. f5 c5 25. f6+ Kh8 26. f7 Rf8 27. e5 Bd5 {1-0 Nguyen,H (2188)-Nguyen,D VIE-ch Dalat City 2004 (12)}) 13... Nf8 14. Bg5 Qb6 15. Bxf6 Bxf6 16. e5 Be7 17. Ne4 h6 18. Nc5 Red8 19. Be4 Rac8 20. b4 a5 21. a3 Ba8 22. Qb3 Bxc5 23. dxc5 Qc7 24. Rd6 a4 25. Qe3 Rxd6 26. exd6 Qd8 27. Ne5 Nd7 28. Nxd7 Qxd7 29. f4 Re8 30. Re1 Kf8 31. Qd4 Bb7 32. Re3 Bc8 33. Rg3 f5 34. Bxc6 Qf7 35. Bxe8 Qb7 36. d7 e5 37. Qd6+ Kg8 38. Qg6 1-0

[Event "45th FIDE Chess Olympiad Open"]
[Site "Budapest, Hungary"]
[Date "2024.09.12"]
[Round "2"]
[White "Solomon, Jonathan"]
[Black "Joao Farisse"]
[Result "0-1"]
[WhiteElo "1536"]
[BlackElo "1851"]
[PlyCount "102"]
[EventDate "2024.??.??"]
[WhiteTeam "Antigua and Barbuda"]
[BlackTeam "Mozambique"]
[BlackTeamCountry "MOZ"]
[WhiteClock "0:04:47"]
[BlackClock "1:02:05"]

1. d4 d5 2. Bf4 Nf6 3. e3 g6 4. h4 h5 ({RR} 4... Bg7 5. Nd2 c5 6. c3 Qb6 7. Qb3 Nc6 8. Ngf3 O-O 9. Ne5 c4 10. Qxb6 axb6 11. Be2 h5 12. e4 b5 13. f3 dxe4 14. fxe4 Nxe5 15. Bxe5 Bh6 16. Rf1 Bxd2+ 17. Kxd2 Nxe4+ 18. Ke3 Nd6 19. Bxd6 {0-1 Klaric,Z (2445)-Balashov,Y (2530) GMA op Moscow 1989 (1)}) 5. Nf3 ({RR} 5. Nc3 Bg7 6. Nb5 Na6 7. Nc3 Nb8 8. Nf3 O-O 9. Ne5 c6 10. Be2 Nbd7 11. Qd2 Nxe5 12. Bxe5 b5 13. f3 Bh6 14. O-O-O Nd7 15. Bf4 Bxf4 16. exf4 b4 17. Nb1 a5 18. f5 e6 19. g4 exf5 {½-½ Kocak,E (2173)-Rozanski,M (2028) Wroclaw Open A 2024 (3.19)}) 5... Bg7 6. Nbd2 $146 ({RR} 6. Bd3 a6 7. Nbd2 Nc6 8. c3 Bf5 9. Bxf5 gxf5 10. Ne5 Ng4 11. Nxc6 bxc6 12. Qa4 Qd7 13. Nb3 e5 14. dxe5 Nxe5 15. O-O-O O-O 16. Bxe5 Bxe5 17. Nd4 Bxd4 18. Rxd4 Qe6 19. Qd1 Qg6 20. Rh3 {1-0 Vanstreels,L (2123)-Baete,G (1855) BEL-chT 1819 2018 (1.8)}) ({RR} 6. Ne5 Nbd7 7. Be2 Nxe5 8. Bxe5 c6 9. Nd2 Qb6 10. Nb3 O-O 11. O-O Ng4 12. Bxg7 Kxg7 13. c4 Qc7 14. Bxg4 Bxg4 15. f3 dxc4 16. fxg4 cxb3 17. gxh5 Qg3 18. Rf3 Qxh4 19. Rh3 Qe4 20. h6+ Kh7 {½-½ Koellner,R (2376)-Musat,A (2387) Titled Tuesday intern op 4th Aug 10am blitz 2020 (5)}) 6... Bf5 7. c4 c6 8. Qb3 Qb6 9. Be2 O-O 10. O-O Nbd7 11. Rac1 Rfe8 12. c5 Qxb3 13. axb3 Ne4 14. Nxe4 Bxe4 15. Nd2 Bf5 16. Nf3 Bg4 17. Rfe1 Bxf3 18. Bxf3 e5 19. dxe5 Nxe5 20. Bxe5 Bxe5 21. Rc2 Rad8 22. Rd1 Kg7 23. b4 a6 24. b3 Rd7 25. Rd3 f5 26. g3 Kf6 27. Kg2 Rh7 28. Bd1 Bc7 29. f4 Re4 30. b5 axb5 31. Ra2 Rd7 32. Ra7 Bd8 33. Kf3 Be7 34. Rc3 b4 35. Rc1 d4 36. exd4 Rexd4 37. Be2 R4d5 38. Ra5 b6 39. Ra6 Bxc5 40. Ra8 Rd8 41. Ra7 R5d7 42. Rxc5 bxc5 43. Rxd7 Rxd7 44. Bc4 Re7 45. Kf2 Re4 46. Bd3 c4 47. Bc2 cxb3 48. Bxb3 c5 49. Bc2 c4 50. Bxe4 fxe4 51. Ke2 c3 0-1

[Event "45th FIDE Chess Olympiad Open"]
[Site "Budapest, Hungary"]
[Date "2024.09.12"]
[Round "2"]
[White "Celis, Joel"]
[Black "Cogan, Nicolas"]
[Result "1-0"]
[WhiteElo "1929"]
[BlackElo "2112"]
[PlyCount "113"]
[EventDate "2024.??.??"]
[WhiteTeam "Macau"]
[BlackTeam "Cote d’Ivoire"]
[WhiteTeamCountry "MAC"]
[WhiteClock "0:02:03"]
[BlackClock "0:00:34"]

1. e4 c5 2. Nf3 Nc6 3. d4 cxd4 4. Nxd4 g6 5. c4 Bg7 6. Be3 Qb6 7. Nb5 Qa5+ 8. Bd2 Qd8 9. Bc3 Nf6 10. Nd2 d6 11. Be2 O-O 12. g4 $146 ({RR} 12. O-O Qb6 13. h3 a6 14. Na3 Be6 15. Nc2 Nd7 16. Bxg7 Kxg7 17. b3 Rfc8 18. Kh2 Qc5 19. f4 f6 20. Bg4 Bxg4 21. Qxg4 f5 22. Qe2 Nf6 23. exf5 Qxf5 24. Ne3 Qd7 25. Rae1 Rf8 26. Nf3 Rae8 {½-½ Lalic,B (2350)-Prokofiev,V (2337) 35th Czech Rapid G1 2024 (6.10)}) ({RR} 12. O-O Qb6 13. a4 a5 14. Kh1 Nd7 15. Bxg7 Kxg7 16. Nb1 Nf6 17. N1c3 Nb4 18. f4 Rd8 19. Rc1 Bd7 20. Qd2 Rac8 21. b3 Bc6 22. Bf3 Nd7 23. Nd5 Nxd5 24. exd5 Bxb5 25. axb5 Ra8 26. Rce1 Re8 {½-½ Abdulwahhab,A (2246)-Noritsyn,N (2372) Olympiad-38 Dresden 2008 (6)}) ({RR} 12. O-O Bd7 13. Na3 a6 14. Nc2 Qb8 15. a4 Rc8 16. Ne3 Qa7 17. a5 b6 18. axb6 Qxb6 19. Ra3 Nd4 20. Bd3 a5 21. Qa1 Nc6 22. Rb3 Qd8 23. Rc1 Be8 24. Bf1 e6 25. Ra3 Bh6 26. Bxf6 Qxf6 {0-1 Tolstikh,N (2400)-Golod,V (2505) Ceske Budejovice op 1994 (9)}) 12... a6 13. Nd4 Qb6 14. Nxc6 bxc6 15. Bf3 e5 16. g5 Nd7 17. Nb3 a5 18. Qxd6 a4 19. c5 Qd8 20. Nd2 Qxg5 21. Qxc6 Ra6 22. Qd5 Qe7 23. Bb4 Nb8 24. Be2 Be6 25. Qd3 Nc6 26. Qxa6 Nxb4 27. Qxa4 Qxc5 28. O-O Bh3 29. Qb3 Bxf1 30. Nxf1 Nc6 31. Qc4 Qd6 32. Rd1 Nd4 33. Ng3 h5 34. Qd3 Rd8 35. Kh1 Qf6 36. Qe3 Kh7 37. f3 Bh6 38. Qf2 Rc8 39. Bd3 Rb8 40. b3 Ra8 41. Bb1 Rc8 42. Ne2 Nxe2 43. Qxe2 Rc3 44. Bd3 Qh4 45. b4 Bf8 46. b5 Bc5 47. a4 Ra3 48. Bc2 Qf4 49. Rf1 Bd4 50. Bd1 Kg7 51. Qc2 Rc3 52. Qe2 Ra3 53. Qg2 Rd3 54. a5 Rd2 55. Qg3 Qe3 56. f4 Qxe4+ 57. Qf3 1-0

[Event "45th FIDE Chess Olympiad Open"]
[Site "Budapest, Hungary"]
[Date "2024.09.12"]
[Round "2"]
[White "De Gondo, Simplice Armel"]
[Black "Mak, Tong Kuan"]
[Result "1-0"]
[WhiteElo "2045"]
[BlackElo "1902"]
[PlyCount "33"]
[EventDate "2024.??.??"]
[WhiteTeam "Cote d’Ivoire"]
[BlackTeam "Macau"]
[BlackTeamCountry "MAC"]
[WhiteClock "1:28:16"]
[BlackClock "0:09:16"]

1. c4 {ChessBase II} Nf6 2. Nc3 d6 3. d4 g6 4. e4 Bg7 5. f3 O-O 6. Bg5 c6 7. Qd2 a6 8. g4 ({RR} 8. h4 Nbd7 9. Nge2 b5 10. h5 e5 11. d5 Nb6 12. Ng3 cxd5 13. cxd5 Na4 14. Nd1 Bd7 15. Be2 a5 16. b3 Nc5 17. Nf2 b4 18. h6 Bh8 19. Nd3 Nxd3+ 20. Bxd3 Qb6 21. Be3 Qb7 22. O-O Ne8 {½-½ L'Ami,E (2594)-Atalik,S (2586) Corus-B Wijk aan Zee 2007 (2)}) ({RR} 8. Nge2) ({RR} 8. Bd3) 8... b5 9. h4 b4 $146 ({RR} 9... e5 10. d5 b4 11. Nd1 cxd5 12. cxd5 a5 13. h5 Nbd7 14. Ne2 Nc5 15. Ng3 Ra7 16. Nf2 Qb6 17. Be3 Ba6 18. g5 Nfd7 19. Ng4 Bxf1 20. Qh2 Bb5 21. hxg6 fxg6 22. Qxh7+ Kf7 23. Nh6+ Ke8 24. Qxg7 {1-0 Taimanov,M-Geller,E URS Trade UnionTeam-ch 1951}) ({RR} 9... Nbd7 10. h5 e5 11. d5 b4 12. Nd1 cxd5 13. cxd5 a5 14. Bb5 Nc5 15. Nf2 Ba6 16. Bxa6 Rxa6 17. Rc1 Qb6 18. Ne2 Qb5 19. Kf1 a4 20. Kg2 a3 21. b3 Ra7 22. Rc4 Rb8 23. Be3 Rc7 24. hxg6 {0-1 Grigoriants,S (2562)-Danielyan,V (2346) Titled Tue 25th Jul Late 2023 (3)}) ({RR} 9... Nbd7 10. a3 Bb7 11. h5 e5 12. cxb5 axb5 13. hxg6 fxg6 14. b4 exd4 15. Nce2 Qb6 16. Nxd4 Nxe4 17. fxe4 Qxd4 18. Qxd4 Bxd4 19. Rd1 Bc3+ 20. Ke2 d5 21. exd5 cxd5 22. Bg2 Nb6 23. Be3 Rae8 24. Kd3 {0-1 Frajka,P-Kovacocy,P (2270) SVK-chT2B 9596 1995 (5)}) ({RR} 9... Qa5 10. h5 b4 11. Nd1 ({RR} 11. Nce2) 11... Nbd7 12. Bh6 e5 ({RR} 12... Bxh6 13. Qxh6 c5 ({RR} 13... e5) 14. hxg6 fxg6) 13. d5 cxd5 14. cxd5 Nc5 15. Bxg7 Kxg7 16. hxg6 fxg6 17. Ne2 ({RR} 17. Qh6+) 17... Ra7 18. Ng3 Nb3 19. axb3 Qxa1 20. Qxb4 Ne8 21. Qc3 Rc7 22. Bc4 a5 ({RR} 22... Rcf7) 23. O-O Ba6 24. Ne3 {½-½ Sansas,A-Fricker,J FRA-ch39 Montpellier 1964 (7)}) ({RR} 9... e5) 10. Nd1 Qb6 11. h5 Nxe4 12. fxe4 Bxg4 13. Be2 Bxd4 14. Bxg4 Bxg1 15. Qg2 Bd4 16. hxg6 fxg6 17. Be6+ 1-0

[Event "45th FIDE Chess Olympiad Open"]
[Site "Budapest, Hungary"]
[Date "2024.09.12"]
[Round "2"]
[White "Wong, Kai Meng"]
[Black "Manan, Yoboue Hermann"]
[Result "0-1"]
[WhiteElo "1795"]
[BlackElo "2030"]
[PlyCount "84"]
[EventDate "2024.??.??"]
[WhiteTeam "Macau"]
[BlackTeam "Cote d’Ivoire"]
[WhiteTeamCountry "MAC"]
[WhiteClock "0:26:43"]
[BlackClock "0:35:08"]

1. Nf3 Nf6 2. g3 d5 3. d4 e6 4. Bg2 c5 5. e3 Nc6 6. O-O Bd6 7. c3 ({RR} 7. c4 dxc4 8. dxc5 Bxc5 9. Qxd8+ Kxd8 10. Nbd2 c3 11. bxc3 Bd7 12. Nb3 Be7 13. c4 Ne4 14. Bb2 f6 15. Rfd1 Nc5 16. Nfd4 Kc8 17. Nxc6 Bxc6 18. Bxc6 bxc6 19. Nd4 Kc7 20. Ba3 Rhe8 21. Rab1 Bf8 {0-1 Balog,I (2431)-Pap,G (2468) Budapest FS03 GM 2009 (5)}) 7... O-O 8. Nbd2 Re8 ({RR} 8... b6 9. b3 h6 10. Bb2 Ba6 11. Re1 Bd3 12. Bf1 Bxf1 13. Rxf1 Ne7 14. c4 Rc8 15. dxc5 Rxc5 16. Bxf6 gxf6 17. Rc1 Nf5 18. cxd5 Rxd5 19. e4 Rb5 20. exf5 Rxf5 21. Nh4 Rd5 22. Nhf3 Kh8 23. Qc2 {1-0 Zagorac,L (1491)-Lukinovic,L (1126) CRO-chT U16 Girls 2021 (2.2)}) 9. Qc2 Qb6 $146 ({RR} 9... Qc7 10. e4 cxd4 11. cxd4 dxe4 12. Nxe4 Nxe4 13. Qxe4 Bd7 14. Be3 f5 15. Qd3 Nb4 16. Qb3 Bc6 17. Rac1 Qe7 18. a3 Nd5 19. Ne5 Bxe5 20. dxe5 g5 21. f4 g4 22. Bc5 Qf7 23. Rfd1 Kg7 24. Qd3 {0-1 Maniocha,M (2073)-Kleinegger,F (2244) Dortmund op-A 2001 (2)}) 10. dxc5 Bxc5 11. b4 Bd6 12. a4 Qc7 13. Rb1 Nxb4 14. Qb3 Nc6 15. Ba3 Na5 16. Bxd6 Qxd6 17. Qb5 b6 18. e4 Bd7 19. Qd3 e5 20. Rfe1 Nb7 21. Nc4 dxc4 22. Qxd6 Nxd6 23. Rbd1 Nb7 24. Nxe5 Bxa4 25. Ra1 Bb5 26. Nxf7 Bc6 27. Ng5 h6 28. Nh3 Bxe4 29. f3 Bc6 30. Rxe8+ Nxe8 31. Nf4 Nc5 32. Ng6 Bb7 33. Ne5 b5 34. Bh3 a5 35. Bf5 a4 36. Kf1 a3 37. Ke2 a2 38. Kd1 Nd6 39. Bc2 Nb3 40. Bxb3 cxb3 41. Kc1 Nc4 42. Nd3 Bxf3 0-1

[Event "45th FIDE Chess Olympiad Open"]
[Site "Budapest, Hungary"]
[Date "2024.09.12"]
[Round "2"]
[White "Gurner, Jem"]
[Black "Kabamwanishi, Mashala"]
[Result "1/2-1/2"]
[WhiteElo "2091"]
[BlackElo "1914"]
[PlyCount "98"]
[EventDate "2024.??.??"]
[WhiteTeam "Jersey"]
[BlackTeam "Democratic Republic of the Congo"]
[WhiteClock "0:08:00"]
[BlackClock "0:28:28"]

1. e4 c5 2. Nf3 d6 3. d4 cxd4 4. Qxd4 Nc6 5. Bb5 Bd7 6. Bxc6 Bxc6 7. Nc3 Nf6 8. Bg5 Qb6 9. Qxb6 axb6 10. Bxf6 gxf6 11. Nd4 Rg8 12. g3 ({RR} 12. O-O Ra5 13. a4 f5 14. b4 Re5 15. Nxc6 bxc6 16. f4 Re6 17. exf5 Re3 18. Nd1 Re2 19. Rf2 Re1+ 20. Rf1 Re2 21. Rf2 Re1+ 22. Rf1 Re2 {½-½ Vega Gutierrez,S (2382)-Kurayan,R (2338) Titled Tue 7th May Early 2024 (7)}) 12... h5 ({RR} 12... e6 13. O-O-O f5 14. Nxc6 bxc6 15. exf5 exf5 16. Rhe1+ Kd7 17. Re5 f4 18. Rh5 fxg3 19. fxg3 h6 20. Rf5 Ke8 21. Ne4 Rg6 22. Nf6+ Kd8 23. a3 Ra5 24. Rxa5 bxa5 25. Rf1 Ke7 26. Nh5 Rg5 27. Nf4 {½-½ Vescovi,G (2519)-Akopian,V (2656) Linares Anibal op 08th 2001 (6)}) 13. O-O-O Rg5 $146 ({RR} 13... h4 14. b3 Kd7 15. a4 Rg4 16. h3 Rg8 17. g4 Bh6+ 18. Kb1 Rgc8 19. Rhe1 Bf4 20. Nce2 Bh6 21. f3 e6 22. c4 Ke7 23. Nc3 Bf4 24. Nce2 Be5 25. Nxc6+ bxc6 26. f4 b5 27. fxe5 fxe5 28. Nc3 {1-0 Zhigalko,S (2572)-Matinian,N (2454) Titled Tuesday intern op 01st Mar Early blitz 2022 (11)}) 14. b4 e6 15. Rhe1 Be7 16. Kb2 Kf8 17. a4 d5 18. f4 Rg4 19. b5 Bd7 20. exd5 e5 21. fxe5 fxe5 22. Rxe5 Bf6 23. Re4 Rc8 24. Rxg4 Bxg4 25. Rd3 Rc4 26. Nb3 Rxa4 27. Nd2 Rb4+ 28. Kc1 Bxc3 29. Rxc3 Rd4 30. Re3 Rxd5 31. c4 Rd4 32. Kc2 Be6 33. Kc3 Rg4 34. Re4 Rg5 35. Kd4 Rc5 36. Re5 Rxe5 37. Kxe5 Ke7 38. h4 Bh3 39. Ne4 Bf1 40. Kd4 Ke6 41. Nc3 Kf5 42. Nd5 Kg4 43. Ne3+ Kxg3 44. Nxf1+ Kxh4 45. Ke5 Kg4 46. Ne3+ Kf3 47. Nf5 Kg4 48. Kf6 Kf4 49. Nh4 Ke4 1/2-1/2

[Event "45th FIDE Chess Olympiad Open"]
[Site "Budapest, Hungary"]
[Date "2024.09.12"]
[Round "2"]
[White "Mimbasa Kutesa, Willy"]
[Black "Carpenter, Paul A"]
[Result "0-1"]
[WhiteElo "1848"]
[BlackElo "1985"]
[PlyCount "82"]
[EventDate "2024.??.??"]
[WhiteTeam "Democratic Republic of the Congo"]
[BlackTeam "Jersey"]
[WhiteClock "0:52:42"]
[BlackClock "0:06:27"]

1. d4 b6 2. e4 Bb7 3. Nc3 e6 4. a3 d6 5. Nf3 h6 $146 ({RR} 5... Nf6 6. Bd3 Nbd7 7. O-O Be7 8. Re1 e5 9. Bc4 O-O 10. b4 exd4 11. Nxd4 Re8 12. Bb2 Bf8 13. Nf5 g6 14. Ng3 Bg7 15. f4 h5 16. Qd3 h4 17. Nf1 Nh5 18. Qf3 Qf6 19. e5 Qxf4 20. Qxb7 {½-½ Osterman,R-Planinc,A Vidmar Memorial-03 1975 (6)}) ({RR} 5... Be7 6. Bd3 a6 7. O-O Nd7 8. Re1 g5 9. Nd2 h5 10. Nc4 g4 11. d5 e5 12. Ne3 Nh6 13. b4 Bg5 14. a4 Rg8 15. a5 b5 16. Ne2 h4 17. c4 bxc4 18. Nxc4 Bxc1 19. Qxc1 Qf6 20. Ne3 {1-0 Tsydypov,Z (2565)-Demidov,M (2523) Titled Arena May 8th blitz 2021}) ({RR} 5... Nd7 6. Be3 g6 7. Qd2 Bg7 8. O-O-O Ngf6 9. Bh6 Bxh6 10. Qxh6 Nxe4 11. Nxe4 Bxe4 12. Ng5 Bb7 13. Nxh7 Qe7 14. Bb5 c6 15. Bd3 O-O-O 16. h4 Nf6 17. Qg5 Rxh7 18. g4 Nd5 {0-1 Okike,D (2157)-Pastar,S (2363) Titled Tue 27th Feb Early 2024 (3)}) ({RR} 5... Nd7 6. Bd3 Ne7 7. Bf4 g6 8. Qd2 Bg7 9. Bh6 O-O 10. h4 Nf6 11. h5 Ng4 12. Bxg7 Kxg7 13. Qf4 f5 14. Ng5 Bc8 15. f3 e5 16. dxe5 fxe4 17. Qxe4 Bf5 18. Qxf5 gxf5 19. Ne6+ Kh6 20. Nxd8 {1-0 Tanaka,T (2004)-Bluteau,Y Quebec op 2017 (3)}) ({RR} 5... Nd7 6. Bd3 Ne7 7. Qe2 Ng6 8. O-O Be7 9. Ba6 Bxa6 10. Qxa6 Qc8 11. Qxc8+ Rxc8 12. d5 e5 13. Be3 Nf6 14. a4 a5 15. Nd2 Ng4 16. Nc4 Nxe3 17. fxe3 Nf8 18. Nb5 Nd7 19. c3 Nc5 20. Nd2 {1-0 Darcyl,T-Paterson,C (2345) Rio de Janeiro U18 1982 (8)}) 6. Bd3 g6 7. O-O Bg7 8. Be3 Nd7 9. Ne2 Ne7 10. Ng3 a6 11. c4 c5 12. b4 Nc6 13. d5 exd5 14. exd5 Nce5 15. Rb1 Bc8 16. Ne4 Nxf3+ 17. Qxf3 Ne5 18. Qe2 f5 19. Ng3 O-O 20. f4 Ng4 21. bxc5 bxc5 22. Kh1 Qh4 23. h3 Qxg3 24. hxg4 Qh4+ 25. Kg1 fxg4 26. Bf2 Bd4 27. Bxd4 g3 28. Rf3 Qh2+ 29. Kf1 cxd4 30. Rxg3 Qxg3 31. f5 Bxf5 32. Bxf5 Rxf5+ 33. Kg1 Qe3+ 34. Qxe3 dxe3 35. Re1 Re8 36. Re2 Rf4 37. a4 Rxc4 38. Kh2 Rd4 39. Kg3 Rxd5 40. Kf3 Rd2 41. Rxe3 Rxe3+ 0-1

[Event "45th FIDE Chess Olympiad Open"]
[Site "Budapest, Hungary"]
[Date "2024.09.12"]
[Round "2"]
[White "Belzo, Krzysztof"]
[Black "Kasongo Kazadi Olivier"]
[Result "1-0"]
[WhiteElo "2076"]
[BlackElo "1794"]
[PlyCount "83"]
[EventDate "2024.??.??"]
[WhiteTeam "Jersey"]
[BlackTeam "Democratic Republic of the Congo"]
[WhiteClock "0:06:03"]
[BlackClock "0:09:23"]

1. c4 e5 2. Nc3 Nc6 3. g3 Bc5 4. Bg2 Nge7 5. e3 d6 ({RR} 5... a6 6. Nge2 d6 7. O-O O-O 8. b3 Ba7 9. h3 Be6 10. d4 exd4 11. exd4 Bd7 12. d5 Ne5 13. Kh2 b5 14. f4 N5g6 15. Nd4 bxc4 16. bxc4 Nf5 17. Nc6 Qf6 18. Qd3 Bc5 19. Bd2 Bxc6 20. dxc6 {1-0 Aronian,L (2815)-Polgar,J (2685) Wch Blitz 8th 2014 (19)}) 6. Nge2 Bg4 ({RR} 6... h5 7. h3 a6 8. d4 Ba7 9. O-O h4 10. g4 f5 11. gxf5 Bxf5 12. e4 exd4 13. exf5 dxc3 14. Nxc3 Qd7 15. Nd5 O-O-O 16. Bg5 Nxf5 17. Bxd8 Rxd8 18. Qg4 Rf8 19. Be4 Ng3 20. Qxh4 Nxe4 21. Qxe4 {0-1 Vaibhav,J (2071)-Navara,D (2669) Titled Tue 19th Mar Early 2024 (7)}) 7. a3 a6 8. b4 $146 ({RR} 8. b3 O-O 9. h3 Bh5 10. b4 Ba7 11. b5 axb5 12. Nxb5 Bb6 13. Bb2 Na5 14. d3 c6 15. Nbc3 d5 16. cxd5 Nxd5 17. Nxd5 cxd5 18. g4 Bg6 19. Bxe5 Nc6 20. Bb2 Qh4 21. O-O f5 22. Nf4 fxg4 {1-0 Zhdanov,E-Rusyaev,N Uljanovsk Zavolje 2006 (8)}) 8... Bb6 9. Bb2 O-O 10. h3 Be6 11. Nd5 Bf5 12. d4 exd4 13. Nxb6 cxb6 14. Nxd4 Nxd4 15. Qxd4 f6 16. Bxb7 Ra7 17. Bg2 Qc7 18. O-O Bg6 19. Rfd1 Nc8 20. Rac1 a5 21. Bf3 h5 22. Qh4 axb4 23. axb4 Ra4 24. Bc3 Ne7 25. Bxh5 Kf7 26. Bxg6+ Nxg6 27. Qd4 Ke7 28. Qg4 Ne5 29. Bxe5 dxe5 30. Qxg7+ Rf7 31. Qg4 Rxb4 32. Rd5 Ra4 33. Rcd1 Ra7 34. Qg8 Rb7 35. Rd8 Ke6 36. Re8+ Qe7 37. Qg4+ f5 38. Qg6+ Rf6 39. Rxe7+ Rxe7 40. Rd6+ Kxd6 41. Qxf6+ Re6 42. Qxf5 1-0

[Event "45th FIDE Chess Olympiad Open"]
[Site "Budapest, Hungary"]
[Date "2024.09.12"]
[Round "2"]
[White "Houssein, Mohamed Bilal"]
[Black "Wu, Li"]
[Result "0-1"]
[WhiteElo "1870"]
[BlackElo "2325"]
[PlyCount "76"]
[EventDate "2024.??.??"]
[WhiteTeam "Djibouti"]
[BlackTeam "Isle of Man"]
[WhiteTeamCountry "DJI"]
[BlackTeamCountry "IOM"]
[WhiteClock "0:03:08"]
[BlackClock "0:04:53"]

1. e4 c5 2. Nf3 Nc6 3. d4 cxd4 4. Nxd4 e5 5. Nb5 d6 6. c4 g6 7. Be2 ({RR} 7. Bd3 a6 8. N5c3 Bg7 9. Nd5 Nf6 10. Bg5 h6 11. Be3 Nxd5 12. cxd5 Ne7 13. O-O O-O 14. Nd2 f5 15. f3 b5 16. a4 Bd7 17. axb5 Bxb5 18. Bxb5 axb5 19. Qb3 Qd7 20. Ra3 Rxa3 21. bxa3 Kh7 {½-½ Fier,A (2606)-Giri,A (2768) Chessable Masters Play-In 2023 (7)}) 7... Be6 8. O-O Rc8 9. f4 $146 ({RR} 9. Be3 Nf6 10. N5c3 Bg7 11. Nd2 O-O 12. Nd5 Bxd5 13. cxd5 Nd4 14. Bxd4 exd4 15. Qb3 Nd7 16. Bg4 Nc5 17. Qa3 Rc7 18. b4 Na6 19. Nb3 Rc3 20. Rac1 Qg5 21. Be2 Rfc8 22. Bxa6 bxa6 23. Rcd1 h5 {0-1 Tomczak,J (2598)-Kozak,A (2442) chess.com Speed Poland 2024 (1.11)}) ({RR} 9. N1c3 a6 10. Na3 Bg7 11. Nc2 f5 12. exf5 gxf5 13. Bh5+ Kf8 14. Be2 Nf6 15. f4 Kf7 16. Bh5+ Kf8 17. Ne3 Nd4 18. Kh1 b5 19. cxb5 axb5 20. Be2 b4 21. Nb5 Nxb5 22. Bxb5 e4 23. Bd2 Rb8 {1-0 Sjugirov,S (2680)-Swiercz,D (2656) Chess.com Rapid Wk2 Swiss 2022 (5)}) ({RR} 9. N1c3 a6 10. Na3 Nd4 11. Be3 Bg7 12. Nd5 Ne7 13. f4 O-O 14. Rc1 Nxd5 15. exd5 Nxe2+ 16. Qxe2 Bf5 17. fxe5 Bxe5 18. c5 dxc5 19. Bxc5 Re8 20. Qf2 Qf6 21. Nc4 Rxc5 22. Nxe5 Rxc1 23. Rxc1 Qxe5 {0-1 Baches Garcia,G (2329)-Schill,W (2147) Titled Tuesday intern op 12th Jan blitz 2021 (1)}) 9... a6 10. f5 axb5 11. fxe6 fxe6 12. Na3 Nd4 13. Nxb5 Qb6 14. Be3 Bg7 15. b4 Ke7 16. a4 Nf6 17. a5 Qc6 18. Nxd4 exd4 19. Bxd4 e5 20. Bb6 Rhf8 21. c5 Nxe4 22. cxd6+ Qxd6 23. Qb3 Nd2 24. Rxf8 Nxb3 25. Rxc8 e4 26. Bd8+ Ke6 27. Bg4+ Kd5 28. Rd1+ Bd4+ 29. Kh1 h5 30. Bb6 hxg4 31. Rd8 Qxd8 32. Bxd8 e3 33. g3 Kc4 34. Kg2 e2 35. Re1 Kd3 36. Bg5 Bc3 37. Kf2 Bxe1+ 38. Kxe1 Nd4 0-1

[Event "45th FIDE Chess Olympiad Open"]
[Site "Budapest, Hungary"]
[Date "2024.09.12"]
[Round "2"]
[White "Fabri, Henrik"]
[Black "Omar, Aden Omar"]
[Result "0-1"]
[WhiteElo "1936"]
[BlackElo "1779"]
[PlyCount "118"]
[EventDate "2024.??.??"]
[WhiteTeam "Isle of Man"]
[BlackTeam "Djibouti"]
[WhiteTeamCountry "IOM"]
[BlackTeamCountry "DJI"]
[WhiteClock "0:02:13"]
[BlackClock "0:11:58"]

1. e4 e6 2. d4 d5 3. e5 c5 4. c3 Nc6 5. Nf3 Qb6 6. Bd3 Bd7 7. O-O cxd4 8. cxd4 Nxd4 9. Nbd2 Bc5 10. Nxd4 Bxd4 11. Nf3 Bc5 ({RR} 11... Ne7 12. Rb1 Nc6 13. Bf4 Bc5 14. Ng5 Be7 15. Qh5 g6 16. Qf3 Nd4 17. Qd1 Nf5 18. Bxf5 exf5 19. Qxd5 Be6 20. Nxe6 fxe6 21. Qc4 Kf7 22. Be3 Qb4 23. Qxb4 Bxb4 24. Rfd1 Rhd8 25. Rxd8 Rxd8 26. a3 {1-0 Durarbayli,V (2606)-Meier,G (2628) EU-Cup Online Play-B rapid 2021 (3.1)}) 12. a3 a5 13. b3 $146 ({RR} 13. Qe2 Ne7 14. Bg5 h6 15. Bf4 Ng6 16. Bg3 a4 17. Rfc1 O-O 18. h4 Rfc8 19. Rc2 Bd4 20. h5 Ne7 21. Rd2 Bc5 22. Bc2 Bb5 23. Qd1 Bc4 24. Bh4 Bb3 25. Bxb3 axb3 26. Rd3 Nf5 27. Rxb3 Qa7 {1-0 Khabinets,I (1980)-Gedgafov,C (2202) Titled Tuesday intern op 17th Aug blitz 2021 (9)}) ({RR} 13. Rb1 a4 14. Ng5 Ne7 15. Qh5 Ng6 16. Bxg6 fxg6 17. Qf3 Rf8 18. Qg3 h6 19. Nh7 Rf7 20. b4 Bd4 21. Qxg6 Bb5 22. Rd1 Bxe5 23. Be3 d4 24. Bxh6 gxh6 25. Re1 Bxh2+ 26. Kh1 Ke7 27. Kxh2 Rh8 {1-0 Osmonbekov,T (2108)-Bueno,A (2140) Titled Tue 18th Jun Late 2024 (10)}) ({RR} 13. Ng5 Bb5 14. Qh5 g6 15. Qf3 Nh6 16. Bxb5+ Qxb5 17. Nxe6 fxe6 18. Bxh6 O-O-O 19. b4 Ba7 20. bxa5 Kb8 21. Rab1 Qxa5 22. Qf7 Qa6 23. Rfc1 Rc8 24. Rxc8+ Rxc8 25. Bf8 Bc5 26. Bd6+ Bxd6 27. exd6 Qb6 {0-1 Fabri,H (1930)-Waddington,M (2041) Isle of Man Major op 2019 (6)}) ({RR} 13. Ng5 Nh6 14. Nxh7 Nf5 15. Qh5 O-O-O 16. Bxf5 exf5 17. Bg5 Rde8 18. Rac1 Kb8 19. Qxf7 Bb5 20. Rxc5 Qxc5 21. Rc1 Qb6 22. Qxg7 Reg8 23. Qe7 Qg6 24. Rc7 Bc6 25. h4 Re8 26. Qf7 Qxf7 27. Rxf7 Ka7 {1-0 Smerdon,D (2425)-Ly,M (2056) Australian op 2004 (4)}) 13... Bb5 14. Bf4 Ne7 15. b4 axb4 16. axb4 Rxa1 17. Bxb5+ Qxb5 18. Qxa1 Bb6 19. Be3 O-O 20. Bxb6 Qxb6 21. Qb2 Nc6 22. Rb1 f6 23. exf6 Rxf6 24. b5 Na5 25. Ra1 Nc4 26. Ra8+ Rf8 27. Qa1 Qxb5 28. h3 Qb2 29. Rxf8+ Kxf8 30. Qa8+ Ke7 31. Qc8 Qb4 32. Qc7+ Kf6 33. Qf4+ Ke7 34. Qg5+ Kf8 35. Qd8+ Kf7 36. Qd7+ Kf6 37. g4 Qe7 38. g5+ Kf7 39. Qc8 b5 40. Qh8 Kg6 41. h4 h5 42. gxh6 gxh6 43. Qg8+ Kh5 44. Kh2 Qd7 45. Kg3 e5 46. Nh2 Nd6 47. f3 Nf5+ 48. Kf2 Qa7+ 49. Kg2 Qg7+ 50. Qxg7 Nxg7 51. Ng4 b4 52. Nxe5 b3 53. Nd3 Kxh4 54. Kf2 Ne6 55. Ke3 Kg3 56. f4 d4+ 57. Ke4 Nc5+ 58. Kxd4 Nxd3 59. Kxd3 Kxf4 0-1